Phase Formation of Nanolaminated Transition Metal Carbide Thin Films.

Bibliographic Details
Main Author: Lai, Chung-Chuan.
Format: eBook
Language:English
Published: Linköping : Linkopings Universitet, 2017.
Edition:1st ed.
Series:Linköping Studies in Science and Technology. Dissertations Series
Subjects:
Online Access:Click to View
LEADER 02076nam a22003853i 4500
001 EBC4866699
003 MiAaPQ
005 20240729202202.0
006 m o d |
007 cr cnu||||||||
008 240729s2017 xx o ||||0 eng d
020 |a 9789176855263  |q (electronic bk.) 
035 |a (MiAaPQ)EBC4866699 
035 |a (Au-PeEL)EBL4866699 
035 |a (CaPaEBR)ebr11391048 
035 |a (OCoLC)988871077 
040 |a MiAaPQ  |b eng  |e rda  |e pn  |c MiAaPQ  |d MiAaPQ 
100 1 |a Lai, Chung-Chuan. 
245 1 0 |a Phase Formation of Nanolaminated Transition Metal Carbide Thin Films. 
250 |a 1st ed. 
264 1 |a Linköping :  |b Linkopings Universitet,  |c 2017. 
264 4 |c {copy}2017. 
300 |a 1 online resource (82 pages) 
336 |a text  |b txt  |2 rdacontent 
337 |a computer  |b c  |2 rdamedia 
338 |a online resource  |b cr  |2 rdacarrier 
490 1 |a Linköping Studies in Science and Technology. Dissertations Series ;  |v v.1850 
505 0 |a Intro -- Abstract -- Populärvetenskaplig Sammanfattning -- Preface -- Acknowledgement -- Appended Papers and Author's Contributions -- Related but not appended works -- Table of Contents -- 1. Introduction -- 2. Transition-Metal Carbides -- 3. Chemical Reactions of the MAX Phases -- 4. Thin Film Synthesis -- 5. Thin Film Characterization Techniques -- 6. Summary and Contributions to the Field -- Bibliography. 
588 |a Description based on publisher supplied metadata and other sources. 
590 |a Electronic reproduction. Ann Arbor, Michigan : ProQuest Ebook Central, 2024. Available via World Wide Web. Access may be limited to ProQuest Ebook Central affiliated libraries.  
655 4 |a Electronic books. 
776 0 8 |i Print version:  |a Lai, Chung-Chuan  |t Phase Formation of Nanolaminated Transition Metal Carbide Thin Films  |d Linköping : Linkopings Universitet,c2017 
797 2 |a ProQuest (Firm) 
830 0 |a Linköping Studies in Science and Technology. Dissertations Series 
856 4 0 |u https://ebookcentral.proquest.com/lib/matrademy/detail.action?docID=4866699  |z Click to View